Game of Thrones Characters - Statistics

General Stats
  • This quiz has been taken 2,615 times
  • The average score is 14 of 15
Answer Stats
First Name Last Name % Correct
Tywin Lannister
100%
Jaime Lannister
100%
Tyrion Lannister
100%
Cersei Lannister
100%
Jon Snow
100%
Ned Stark
100%
Arya Stark
100%
Sansa Stark
100%
Khal Drogo
98%
Ser Jorah Mormont
92%
Brienne (of) Tarth
92%
Edmure Tully
92%
Catelyn Tully
92%
Viserys Targaryen
89%
Ser Barristan Selmy
74%
No matching quizzes found
Score Distribution
Percent of People with Each Score
Percentile by Number Answered
Your Score History
You have not taken this quiz